000 00993nam a2200325 a 4500
003 AR-BaBNM
005 20251128203829.0
008 082120s2002 ||||||||||||||000 | spa||
040 _cAR-BaBNM
100 1 _aBent, Rudyard K.
245 0 0 _aFundamentos de la educación secundaria
_n1
250 _a2ª ed.
260 _aMéxico, D.F.
_bHispano Americana
_c1952
300 _axvi, 356 p.
490 0 _aBiblioteca clásicos y modernos de educación
504 _aBibliografía al final de cada capítulo
650 4 _aORGANIZACION DE LA EDUCACION
650 4 _aEVALUACION DEL ALUMNO
650 4 _aPLAN DE ESTUDIOS DE SECUNDARIA
650 4 _aACTIVIDADES DE APRENDIZAJE
651 4 _aEstados Unidos
653 _aEDUCACION SECUNDARIA
653 _aEDUCACION SUPERIOR
653 _aPROBLEMAS EDUCATIVOS
700 1 _aKronenberg, Henry H.
700 1 _aTirado Benedi, Domingo
_etraductor
700 1 _aBenjamín, Harold R.W.
_eprologuista
942 _cBK
998 _cCarmen
999 _c5078
_d5078